| 000 | 01138nam a2200289 i 4500 | ||
|---|---|---|---|
| 001 | 182536 | ||
| 003 | ES-MaACL | ||
| 005 | 20250405195707.0 | ||
| 008 | 130912s2012 sp 011 0dspa d | ||
| 020 | _a978-84-15463-22-1 | ||
| 080 | _a1 Abellán, José Luis (082.2) | ||
| 245 | 0 | 0 |
_aEnsayos sobre la historia del pensamiento español : _bhomenaje a José Luis Abellán / _cAntonio Rivera García, José Luis Villacañas (eds.). |
| 250 | _a1ª ed. | ||
| 260 |
_a[Murcia] : _bEditum, _c2012. |
||
| 300 |
_a249 p. ; _c23 cm. |
||
| 490 | 1 | _aEdit.um res publica | |
| 600 | 1 | 4 |
_aAbellán, José Luis, _d1933-2023- _vHomenajes _9172356 |
| 650 | 4 |
_aFilosofía- _zEspaña- _vHistoria. _912844 |
|
| 700 | 1 |
_aAbellán, José Luis, _d1933-2023 _9176509 |
|
| 700 | 1 |
_aRivera García, Antonio. _997651 |
|
| 700 | 1 |
_aVillacañas Berlanga, José Luis, _d1955- _9152048 |
|
| 830 | 1 |
_aEdit.um res publica _9176528 |
|
| 852 |
_aES-MaACL _jA-12919 _9189449 _bR.149114 _cDEPO1 _dOlim: N-5919 _xDonación: José Luis Abellán |
||
| 903 |
_aAbellán, José Luis, _d1933-2023 _ednr _9176509 |
||
| 942 |
_2udc _cMONOGRAFIA |
||
| 999 |
_c182536 _d182536 |
||